<?xml version="1.0" encoding="UTF-8"?><?xml-stylesheet type="text/xsl" href="static/style.xsl"?><OAI-PMH xmlns="http://www.openarchives.org/OAI/2.0/" xmlns:xsi="http://www.w3.org/2001/XMLSchema-instance" xsi:schemaLocation="http://www.openarchives.org/OAI/2.0/ http://www.openarchives.org/OAI/2.0/OAI-PMH.xsd"><responseDate>2026-04-27T21:44:28Z</responseDate><request verb="GetRecord" identifier="oai:uvadoc.uva.es:10324/17690" metadataPrefix="marc">https://uvadoc.uva.es/oai/request</request><GetRecord><record><header><identifier>oai:uvadoc.uva.es:10324/17690</identifier><datestamp>2021-06-29T15:16:16Z</datestamp><setSpec>com_10324_38</setSpec><setSpec>col_10324_852</setSpec></header><metadata><record xmlns="http://www.loc.gov/MARC21/slim" xmlns:doc="http://www.lyncode.com/xoai" xmlns:xsi="http://www.w3.org/2001/XMLSchema-instance" xmlns:dcterms="http://purl.org/dc/terms/" xsi:schemaLocation="http://www.loc.gov/MARC21/slim http://www.loc.gov/standards/marcxml/schema/MARC21slim.xsd">
<leader>00925njm 22002777a 4500</leader>
<datafield tag="042" ind1=" " ind2=" ">
<subfield code="a">dc</subfield>
</datafield>
<datafield tag="720" ind1=" " ind2=" ">
<subfield code="a">Díez Gómez, Débora Diana</subfield>
<subfield code="e">author</subfield>
</datafield>
<datafield tag="260" ind1=" " ind2=" ">
<subfield code="c">2016</subfield>
</datafield>
<datafield tag="520" ind1=" " ind2=" ">
<subfield code="a">El presente trabajo fin de grado tiene como objetivo principal comprobar a través de una&#xd;
revisión bibliográfica si la teoría del apego posee relación o no con el desarrollo de los&#xd;
trastornos de la alimentación. De este modo se intentará demostrar la importancia de&#xd;
establecer un apego seguro en el individuo respecto a una específica enfermedad mental.&#xd;
Para lograr el objetivo se ha realizado una búsqueda específica en la base de datos de Pubmed,&#xd;
seleccionando tres estudios transversales que investigan si la escasez del vínculo afectivo en&#xd;
preadolescentes y adolescentes se encuentra asociado con patologías alimentarias.&#xd;
Además, se han descrito los cuidados de enfermería que se aplicarían en los individuos que&#xd;
padecen patologías alimentarias vinculadas con la carencia de apego.&#xd;
Como conclusión, se determina que la teoría del apego tiene relevancia en el desarrollo de este&#xd;
tipo de trastorno, concluyendo que los problemas de alimentación se relacionan con un apego&#xd;
inseguro. En el futuro, se debería seguir investigando con otros modelos de estudios para&#xd;
determinar la causa y no solo la relación de variables. De este modo se podrían establecer&#xd;
diversos aspectos innovadores en relación al tratamiento y a la prevención de este tipo de&#xd;
enfermedad</subfield>
</datafield>
<datafield tag="024" ind2=" " ind1="8">
<subfield code="a">http://uvadoc.uva.es/handle/10324/17690</subfield>
</datafield>
<datafield ind1=" " ind2=" " tag="653">
<subfield code="a">Trastornos de la alimentación-Aspecto social</subfield>
</datafield>
<datafield tag="245" ind1="0" ind2="0">
<subfield code="a">Teoría del apego y su relevancia en los trastornos de la alimentación</subfield>
</datafield>
</record></metadata></record></GetRecord></OAI-PMH>